| 000 | 00789nam a22002297a 4500 | ||
|---|---|---|---|
| 003 | NUST | ||
| 005 | 20210215105420.0 | ||
| 008 | 210215b ||||| |||| 00| 0 eng d | ||
| 038 | _aArshad | ||
| 040 | _cNUST | ||
| 041 | _apersian | ||
| 082 |
_a891.551 _bSUF |
||
| 100 |
_aSufiari, Shaheen Dukht Muqaddm _935682 _6880-01 |
||
| 245 |
_aNighai ba Iqbal / _cShaheen Dukht Muqaddm Sufiari _6880-02 |
||
| 260 |
_aLahore: _bIqbal Academy, _c1989 _6880-03 |
||
| 300 | _a464 p. | ||
| 650 |
_aPersian Literature-- Allama Muhammad Iqbal _935683 |
||
| 880 |
_6100-01\(3\r _aشھین دخت مقدم صفیاری |
||
| 880 |
_6245-02\(3\r _aنگاہی بہ اقبال _cشھین دخت مقدم صفیاری |
||
| 880 |
_6260-03\(3\r _aلاہور _bاقبال اکادمی _c1989 |
||
| 942 |
_2ddc _cBK |
||
| 999 |
_c541273 _d541273 |
||